|
|
|
|
| LEADER |
00000cam a2200000 7i4500 |
| 001 |
0000003494 |
| 005 |
20060405.0 |
| 020 |
0 |
0 |
|a 9831003039
|
| 090 |
0 |
0 |
|a 320.899510595
|b TKP
|
| 100 |
1 |
0 |
|a Thock, Ker Pong
|
| 245 |
1 |
0 |
|a Ketuanan politik Melayu :
|b respons masyarakat Cina di Malaysia
|c Thock Ker Pong
|
| 260 |
0 |
0 |
|a Kuala Lumpur :
|b Penerbit Universiti Malaya ,
|c 2005
|
| 300 |
|
|
|a xxiii, 317 ;
|c 23 cm.
|
| 650 |
0 |
0 |
|a Chinese
|x Political activity
|x History
|
| 650 |
0 |
0 |
|a Chinese
|x Politics and government
|z Malaysia \x History
|
| 650 |
0 |
0 |
|a Chinese
|x Societies, etc.
|z Malaysia
|x History
|
| 650 |
0 |
0 |
|a Malaysia
|x Politics and government
|x History
|
| 650 |
0 |
0 |
|a Malays
|x Political activity
|x History
|
| 999 |
|
|
|a 0000006846
|b Monograph
|c Open Shelf
|e Default branch
|